|
|
|
|
| LEADER |
00000cam a2200000 c 4500 |
| 001 |
1333494904 |
| 003 |
DE-627 |
| 005 |
20251225183635.0 |
| 007 |
tu |
| 008 |
070405s1922 xx ||||| 00| ||ger c |
| 035 |
|
|
|a (DE-627)1333494904
|
| 035 |
|
|
|a (DE-576)26349490X
|
| 035 |
|
|
|a (DE-599)BSZ26349490X
|
| 035 |
|
|
|a (OCoLC)250614541
|
| 035 |
|
|
|a (OCoLC)11338815
|
| 040 |
|
|
|a DE-627
|b ger
|c DE-627
|e rda
|
| 041 |
|
|
|a ger
|
| 044 |
|
|
|c XA-DXDE
|
| 082 |
0 |
|
|a 294.3
|
| 100 |
1 |
|
|e VerfasserIn
|0 (DE-588)118948954
|0 (DE-627)133415570
|0 (DE-576)162304943
|4 aut
|a Much, Hans
|d 1880-1932
|
| 109 |
|
|
|a Much, Hans 1880-1932
|a Much, ... 1880-1932
|a Much, H. 1880-1932
|a M., H. 1880-1932
|a H. M. 1880-1932
|
| 245 |
1 |
4 |
|a Die Welt des Buddha
|b ein Hochgesang
|c Hans Much
|
| 264 |
|
1 |
|a Dresden
|b Carl Reißner
|c 1922
|
| 300 |
|
|
|a 176 Seiten
|
| 336 |
|
|
|a Text
|b txt
|2 rdacontent
|
| 337 |
|
|
|a ohne Hilfsmittel zu benutzen
|b n
|2 rdamedia
|
| 338 |
|
|
|a Band
|b nc
|2 rdacarrier
|
| 490 |
0 |
|
|a Schöpferische Kulturen
|
| 583 |
1 |
|
|a Archivierung prüfen
|c 20231104
|f DE-640
|z 2
|2 pdager
|
| 776 |
0 |
8 |
|i Erscheint auch als
|n Online-Ausgabe
|a Much, Hans, 1880 - 1932
|t Die Welt des Buddha
|d Dresden : Reißner, 1922
|h 176 S.
|w (DE-627)1656502666
|w (DE-576)494555289
|k Electronic
|
| 935 |
|
|
|a mteo
|
| 936 |
r |
u |
|a BE 8505
|b Buddha, Leben und Werk
|k Theologie und Religionswissenschaften
|k Religionswissenschaft
|k Religionsgeschichte
|k Buddhismus
|k Buddha, Leben und Werk
|0 (DE-627)1270719297
|0 (DE-576)200719297
|z Ungueltig
|
| 951 |
|
|
|a BO
|
| ELC |
|
|
|b 1
|
| ORI |
|
|
|a SA-MARC-ixtheo_oa001.raw
|
| REL |
|
|
|a 1
|
| SUB |
|
|
|a REL
|